Responses for Show #2011 - Monday, May 10, 1993

1993 College Championship semifinal game 1.

Contestants

[<< previous game]

Jeff Thompsen, a freshman from University of California at Berkeley

John van DeWeert, a sophomore from Princeton University

Ann Menge, a senior from Marquette University

[next game >>]

Jeopardy! Round responses

BLACK AMERICA
FAMOUS PAIRS
MONTHS OF THE YEAR
U.S. GEOGRAPHY
FASHION HISTORY
FAMILIAR PHRASES
    $100 8
whaling

Ann
    $100 18
cap & gown

Ann
    $100 12
February

Jeff
    $100 2
Alaska

Jeff
    $100 26
'60s

Jeff
    $100 1
nose

Jeff
    $200 14
right to vote

Jeff
    $200 19
Jack & Jill

Ann
    $200 13
December

Jeff
    $200 3
Potomac

Ann
    $200 28
shorts

Ann
    $200 4
bats

John
    $300 23
Thurgood Marshall

Ann
    $300 20
chapter & verse

Ann
    $300 15
November

Ann
    $300 5
Key West

Jeff
    $300 29
head

Jeff
    $300 9
the blue

Jeff
    $400 24
Frederick Douglass

John
    $700 21
(Ann: Who are Ren and Stempy?)
(Alex: Say it again.)
(Ann: Ren and Stempy?)
...
(Ann: Well, I don't watch it.)

Ren & Stimpy

Ann
    $400 16
June

Jeff
    $400 6
Albuquerque

Jeff
    $400 30
neck

John
    $400 10
wit

Ann
    $500 25
Rosa Parks

John
    $500 22
Dan & Dave

John
    $500 17
(John: What is March?)

April

JohnJeff
    $500 7
Kansas

Jeff
    $500 27
trench coat

John
    $500 11
lock, stock & barrel

Ann

Scores at the first commercial break (after clue 15):

Ann John Jeff
$1,500 $200 $2,200

Scores at the end of the Jeopardy! Round:

Ann John Jeff
$1,900 $2,000 $3,500

Double Jeopardy! Round responses

ATLANTIC CITIES
THE OSCARS
THE 18th CENTURY
SCULPTURE
SCIENCE
ENGLISH LITERATURE
    $200 3
Capetown

Jeff
    $200 9
City Slickers

Jeff
    $200 17
(Ann: Who is Michael Faraday?)

Ben Franklin

AnnJeff
    $200 25
Venus de Milo

Ann
    $200 5
gas

John
    $200 1
(Jonathan) Swift

Ann
    $400 4
Reykjavik

Jeff
    $400 10
Ghost

Ann
    $400 18
(Andrew) Jackson

Jeff
    $400 26
Rodin

Jeff
    $400 12
fingers

Jeff
    $400 2
Hobbit

Jeff
    $600 6
(John: What is Charles Town?)

Charleston

JohnJeff
    $600 19
Platoon (or Born on the Fourth of July)

Jeff
    $600 21
George III

John
    $600 28
Picasso

Jeff
    $600 13
plate tectonic

John
    $600 11
Charles Dickens

John
    $800 7
Morocco

John
    $800 20
Temple of Doom

Ann
    $800 22
Boston

John
    $1,500 29
(Jeff: What is The Winged Mercury?)

Winged Victory

Jeff
    $800 14
flowchart

Ann
    $800 15
Agatha Christie

Ann
    $1000 8
Brazil

Jeff
    $1000 27
Rain Man

Ann
    $1,200 23
(John: What is... England?)

Turkey

John
    $1000 30
Florence

Ann
    $1000 24
(John: What are the gear, the block and tackle, and the inclined plane?)

(3 of) lever, wedge, pulley, wheel & axle, screw & inclined plane

John
Triple Stumper
    $1000 16
(Somerset) Maugham

Ann

Scores at the end of the Double Jeopardy! Round:

Ann John Jeff
$7,900 $2,800 $7,400

[wagering suggestions for these scores]

Final Jeopardy! Round responses

PRESIDENTIAL CAMPAIGNS
JohnWho was Frémont?
$2,800
JeffWho is Buchannan?
$7,400
AnnWho was Wim. Jennings Bryan
$7,401
John C. Frémont

Final scores:

Ann John Jeff
$499 $5,600 $0
2nd place: $5,000 Finalist 3rd place: $5,000

Game dynamics:

Coryat scores:

Ann John Jeff
$8,600 $4,000 $8,900
19 R,
2 W
(including 1 DD)
12 R,
4 W
(including 1 DD)
25 R,
1 W
(including 1 DD)

Combined Coryat: $21,500

[game clues] [game scores] [suggest correction]

Game tape date: 1993-02-23
The J! Archive is created by fans, for fans. Scraping, republication, monetization, and malicious use prohibited; this site may use cookies and collect identifying information. See terms. The Jeopardy! game show and all elements thereof, including but not limited to copyright and trademark thereto, are the property of Jeopardy Productions, Inc. and are protected under law. This website is not affiliated with, sponsored by, or operated by Jeopardy Productions, Inc. Join the discussion at JBoard.tv.